| 000 | 00525nam a2200169 a 4500 | ||
|---|---|---|---|
| 001 | 000014703 | ||
| 005 | 20240305100859.0 | ||
| 008 | 100118s1969 ve 000 f spa d | ||
| 040 |
_aDO-SdBNP _bspa _cBNPHU |
||
| 082 |
_aU863.4 _bM385b |
||
| 100 | 1 |
_aMartínez Moreno, Carlos, _d1917-1986 _99855 |
|
| 245 | 1 | 4 |
_aLas bebidas azules / _cCarlos Martínez Moreno. |
| 260 |
_aCaracas : _bMonte Ávila, _c1969. |
||
| 300 |
_a203, [2] p. ; _c18 cm. |
||
| 650 | 4 |
_aNovela uruguaya _95679 |
|
| 650 | 4 |
_aLiteraruta uruguaya _ySIGLO XX _933340 |
|
| 999 |
_c14286 _d14286 |
||